000 01263nam a2200229 4500
005 20260303132633.0
008 260303b |||||||| |||| 00| 0 eng d
020 _a9789390366958 (सेट) (hbk)
037 _cREF
040 _aCRL
_cCRL
041 _2hin
_ahin
084 _aV2:51wk R5.1-.5 (RR)
100 _aश्रीकृष्ण 'सरल'
245 _aक्रांतिकारी कोश
260 _aनई दिल्ली, भारत:
_bप्रभात प्रकाशन,
_c2025.
300 _aखण्ड 1 (1-299पृ.), खण्ड 2 (1-319पृ.), खण्ड 3 (1-279पृ.), खण्ड 4 (1-350पृ.), खण्ड 5 (1-298पृ.)
365 _b3000.00
_cINR
650 _aभारत इतिहास
650 _aक्रांतिकारी
942 _2CC
_n0
_cTB
_hV2:51wk R5.1-.5 (RR)
999 _c1688426
_d1688426